Cobol Programming (Record no. 52967)

MARC details
000 -LEADER
fixed length control field 00552nam a2200205Ia 4500
003 - CONTROL NUMBER IDENTIFIER
control field OSt
005 - DATE AND TIME OF LATEST TRANSACTION
control field 20251110125739.0
008 - FIXED-LENGTH DATA ELEMENTS--GENERAL INFORMATION
fixed length control field 211109s9999||||xx |||||||||||||| ||und||
020 ## - INTERNATIONAL STANDARD BOOK NUMBER
International Standard Book Number 0-07-460318-3
040 ## - CATALOGING SOURCE
Transcribing agency SBC Library
082 ## - DEWEY DECIMAL CLASSIFICATION NUMBER
Classification number 005.1
Item number ROY-M
100 ## - MAIN ENTRY--PERSONAL NAME
Personal name Roy, M K
245 #0 - TITLE STATEMENT
Title Cobol Programming
260 ## - PUBLICATION, DISTRIBUTION, ETC.
Name of publisher, distributor, etc. Tata Macgraw-Hill
Place of publication, distribution, etc. New Delhi
Date of publication, distribution, etc. 1989
300 ## - PHYSICAL DESCRIPTION
Extent 496p.
630 ## - SUBJECT ADDED ENTRY--UNIFORM TITLE
General subdivision MBA Library
650 ## - SUBJECT ADDED ENTRY--TOPICAL TERM
Topical term or geographic name entry element Computer science, information & general works
-- Computer programming, programs & data
942 ## - ADDED ENTRY ELEMENTS (KOHA)
Koha item type BOOK
650 ## - SUBJECT ADDED ENTRY--TOPICAL TERM
Form subdivision Mathematics
Holdings
Withdrawn status Lost status Source of classification or shelving scheme Damaged status Not for loan Home library Current library Date acquired Cost, normal purchase price Full call number Barcode Shelving location Date last seen Price effective from Koha item type
    Dewey Decimal Classification     SB LIBRARY SB LIBRARY 09/11/2021 100.00 005.1 ROY-M 00095221 MBA LIBRARY 09/11/2021 09/11/2021 BOOK

Powered by Koha